000 00763nam a2200265Ia 4500
008 160803s9999 xx 000 0 und d
020 _a9780545648738 (paperback)
100 _aAnthony, Joseph
245 4 _aThe dandelion seed /
245 _cby Joseph Anthony ; illustrated by Cris Arbo.
260 _aNew York :
260 _bScholastic Inc.
260 _c1997
300 _a[30] unnumbered pages :
300 _bcolor illustrations ;
300 _c26 cm
500 _aOriginally published: Nevada City, CA : Dawn Publications, 1997.
650 _aCommon dandelion --
650 _aDandelions --
650 _aSeeds --
650 _xJuvenile fiction.
650 _xJuvenile fiction.
650 _xJuvenile fiction.
700 _a490
999 _c299638
_d299638